01208nab a22002177a 4500003000400000005001700004008004100021040000700062100002000069245013200089260007300221300001300294500007100307505028900378505008900667650002900756650002500785650002100810650002700831773013200858OSt20251226212136.0190603e xxum|||| |||| 00| 0 spa d cPJ aVeglia, Gimena 10aContratos sin firma, el pago como dispositivo central de instrumentación contractual en entornos digitales /cGimena Veglia.  cCiudad Autónoma de Buenos Aires :aThomson Reuters La Ley, b2025. ap. 53-59 aCita: TR LALEY AR/DOC/1055/2025 Publicado en: RCCyC 2025 (junio). aSumario: I. Introducción.— II. El contrato en entornos digitales de la forma a la función.— III. El pago como dispositivo contractual. Configuración, ejecución y prueba en entornos digitales.— IV. Implicancias jurídicas.— V. Pensar el contrato donde ya no se lo ve.  t¿Te interesa el texto completo? Solicitalo al correo: koha@justierradelfuego.gov.ar 0aCODIGO CIVIL Y COMERCIAL 0aCOMERCIO ELECTRONICO 0aMEDIOS DE PRUEBA 0aCIENCIA Y TECNOLOGÍA0 02713dCiudad Autónoma de Buenos Aires : Thomson Reuters La Ley, 2015-tRevista Código Civil y Comercial. Nº 3 - Junio 2025